Black & White Animals - Statistics

General Stats
  • This quiz has been taken 28 times
  • The average score is 5 of 15
Answer Stats
Answer % Correct
Zebra
85%
Penguin
78%
Panda
67%
Skunk
63%
Orca
59%
Badger
33%
Dalmatian
33%
Magpie
33%
Lemur
15%
White Tiger
15%
Siberian Husky
4%
Stork
4%
Colobuses
0%
Malayan Tapir
0%
Puffin
0%
No matching quizzes found
Score Distribution
Percent of People with Each Score
Percentile by Number Answered
Your Score History
You have not taken this quiz